|
|
|
|
| LEADER |
01475cas a2200277 a 4500 |
| 001 |
AALejournalIMF021817 |
| 008 |
230101c9999 xx r poo 0 0eng d |
| 020 |
|
|
|c 5.00 USD
|
| 020 |
|
|
|z 9781513577920
|
| 022 |
|
|
|a 2663-3493
|
| 040 |
|
|
|a BD-DhAAL
|c BD-DhAAL
|
| 110 |
2 |
|
|a International Monetary Fund.
|
| 245 |
1 |
0 |
|a Review of The Fund's Income Position for FY 2021 and FY 2022.
|
| 264 |
|
1 |
|a Washington, D.C. :
|b International Monetary Fund,
|c 2021.
|
| 300 |
|
|
|a 1 online resource (42 pages)
|
| 490 |
1 |
|
|a Policy Papers
|
| 500 |
|
|
|a <strong>Off-Campus Access:</strong> No User ID or Password Required
|
| 500 |
|
|
|a <strong>On-Campus Access:</strong> No User ID or Password Required
|
| 506 |
|
|
|a Electronic access restricted to authorized BRAC University faculty, staff and students
|
| 520 |
3 |
|
|a This paper updates the projections of the Fund's income position for FY 2021 and FY 2022 and proposes decisions for the current and next financial year. The Fund's overall net income for FY 2021 is projected at about SDR 4.1 billion, higher than both the interim estimate of SDR 3.2 billion and the April 2020 estimate.
|
| 538 |
|
|
|a Mode of access: Internet
|
| 650 |
|
7 |
|a Aggregate Factor Income Distribution
|2 imf
|
| 650 |
|
7 |
|a Monetary Policy
|2 imf
|
| 650 |
|
7 |
|a Political Economy
|2 imf
|
| 830 |
|
0 |
|a Policy Papers; Policy Paper ;
|v No. 2021/039
|
| 856 |
4 |
0 |
|z Full text available on IMF
|u http://elibrary.imf.org/view/journals/007/2021/039/007.2021.issue-039-en.xml
|z IMF e-Library
|